• 首页
  • 本馆介绍
  • 公告通知
  • 最新文献
  • 馆藏检索
  • 电子资源
  • 读者导购
  • 参考咨询
  • 我的图书馆
  • 登录
  • 详细信息显示
  • 放入我的书架
  • 预约/预借图书
  • 作者相关作品
  • 分类相关作品
  • 丛书相关作品
  • 出版社相关作品

书目信息

  • 表格格式
  • 工作单格式
  • 卡片格式
题名:
跨国公司金融
    
 
作者: 王跃生 编著
分册:  
出版信息: 北京   中国发展出版社  2009
页数: 270页
开本: 24cm
丛书名: 北大国际经贸丛书
单 册:
中图分类: F276.7 , F831
科图分类:
主题词: 跨国公司--国际金融 , 跨国公司 , 国际金融
电子资源:
ISBN: 978-7-80234-461-7
000 01087oam2 2200301 45
001 1034506616
005 20100319082844.62
010    @a978-7-80234-461-7@dCNY35.00
100    @a20100311d2009 em y0chiy50 ea
101 0  @achi
102    @aCN@b110000
105    @ay z 000yy
106    @ar
200 1  @a跨国公司金融@AKua Guo Gong Si Jin Rong@dMultinational business finance:principles and cases@e原理与案例@EYuan Li Yu An Li@f王跃生编著@FWang Yue Sheng Bian Zhu@zeng
210    @a北京@c中国发展出版社@d2009
215    @a270页@d24cm
225 2  @a北大国际经贸丛书
330    @a本书内容包括:跨国公司与跨国经营的发展、跨国经营的理论基础——跨国公司理论及其新发展、跨国经营的国际金融环境、跨国公司的外汇风险及其管理等。
461  0 @12001 @a北大国际经贸丛书
510 1  @aMultinational business finance@eprinciples and cases@zeng
606 0  @a跨国公司@x国际金融
606 0  @a跨国公司
606 0  @a国际金融
690    @aF276.7@v4
690    @aF831@v4
701  0 @a王跃生@AWang Yue Sheng@4编著
801  0 @aCN@bTANGWEI@c20100319
905    @b0585738-40@dF276.7@e794@f3
    
    跨国公司金融=Multinational business finance:principles and cases:原理与案例/王跃生编著.-北京:中国发展出版社,2009
    270页;24cm.-(北大国际经贸丛书)
    
    
    ISBN 978-7-80234-461-7:CNY35.00
    本书内容包括:跨国公司与跨国经营的发展、跨国经营的理论基础——跨国公司理论及其新发展、跨国经营的国际金融环境、跨国公司的外汇风险及其管理等。
●
相关链接 在E读中查询图书 在五车中查询图书 在当当中查询图书 在豆瓣中查询图书


正题名:跨国公司金融     索取号:F276.7/794         预约/预借

序号 登录号 条形码 馆藏地/架位号 状态 备注
1 0585738   205857385   第一样本阅览室/ [索取号:F276.7/794] 在馆    
2 0585739   205857394   第一借阅区/ [索取号:F276.7/794] 在馆    
3 0585740   205857401   密集书库-海洋学院/ [索取号:F276.7/794] 在馆    
唐山师范学院图书馆 欢迎您!
大连网信软件有限公司© 版权所有